01070nam a2200193 a 4500008004100000050002000041100002500061245004400086260003300130300002000163350000900183650004000192650004100232995015400273995015400427999001700581952013900598952013900737120416s1976 ||||||||||||||||| || u aHF 5681.R35 Bat aBatty, Joseph, 1929-10aAccounting for research and development aLondonbBusiness Booksc1976 ax, 237p. : ill. a0.00 0aACCOUNTING--HANDBOOKS, MANUALS, ETC aRESEARCH AND DEVELOPMENT--ACCOUNTING aMAIN LIBRARY OPEN ACCESSD0.00e700689FCBU-MAIN LIBRARY (Kitwe)H1I0.00jHF 5681.R35 BatM2UAVAILABLEy006789ZMain Library Open Access Collection aMAIN LIBRARY OPEN ACCESSD0.00e715457FCBU-MAIN LIBRARY (Kitwe)H2I0.00jHF 5681.R35 BatM1UAVAILABLEy006788ZMain Library Open Access Collection c75603d75603 00102lcc4070a001b001cMain Library Open Access Collectiond2023-03-30l0oHF 5681.R35 Batp006789r2023-03-30t1w2023-03-30y002 00102lcc4070a001b001cMain Library Open Access Collectiond2023-03-30l0oHF 5681.R35 Batp006788r2023-03-30t2w2023-03-30y002